000 00293nam a22001217a 4500
008 180118b xxu||||| |||| 00| 0 eng d
041 _aeng
080 _a339.138
100 _a60
101 _aMAR
245 _aMinorities and marketing: research challenges
_cAndreasen,A.R
942 _2udc
_cBK
999 _c40494
_d40494